000 00599nam a22001697a 4500
005 20120502124020.0
008 120502t xxu||||| |||| 00| 0 eng d
020 _c695.00
_a8124108404
035 _aB-59501
040 _aDPL
_bENG
100 _946210
245 _aThe challene of confidence building in South Asia /
_ced by Moonis Ahmer
260 _aNew Delhi
_bHaranand
_c2001
300 _a440p.
_c23cm
942 _2ddc
_cEN
_h327.54
_mTHE
999 _c65992
_d65992